000
00252nam a2200097Ia 4500
001
686725
005
20250826161542.0
008
250824s9999 xx 000 0 und d
245
0
_a
DİYELİM SÖZ ARASINDA
_c
NURULLAH ATAÇ
260
_b
YAPI KREDİ YAYINLARI
999
_c
686725
_d
686725